000 00613nam a2200217Ia 4500
008 180523s9999 xx 000 0 und d
020 _a978-971-9617-56-3
050 _aFIL HA 29
050 _b.D43 2015
100 _aDe Belen, Rustico T.
245 0 _aBasic statistics for research /
245 0 _cRustico T. De Belen, Joel P. Feliciano.
260 _a[n. p.]
260 _bWiseman's Book Trading,
260 _c2015
300 _a160 pages:
300 _billustrations ;
300 _c23 cm.
500 _aIncludes bibliographical references.
650 _aSocial sciences -- Statistical methods.
999 _c357857
_d357857